NFL Kickers 2024-2025 - Statistics

General Stats
  • This quiz has been taken 615 times
    456 since last reset
  • The average score is 17 of 32
Answer Stats
Team Kicker % Correct
Baltimore Ravens Justin Tucker
92%
Atlanta Falcons Younghoe Koo
86%
Kansas City Chiefs Harrison Butker
84%
Dallas Cowboys Brandon Aubrey
83%
Buffalo Bills Tyler Bass
77%
Cincinnati Bengals Evan McPherson
75%
Pittsburgh Steelers Chris Boswell
72%
Los Angeles Chargers Cameron Dicker
69%
San Francisco 49ers Jake Moody
69%
Detroit Lions Jake Bates
65%
Las Vegas Raiders Daniel Carlson
61%
Philadelphia Eagles Jake Elliott
60%
Houston Texans Ka'imi Fairbairn
57%
Denver Broncos Wil Lutz
57%
Indianapolis Colts Matt Gay
56%
Chicago Bears Cairo Santos
53%
Miami Dolphins Jason Sanders
53%
Green Bay Packers Brandon McManus
46%
Carolina Panthers Eddy Pineiro
44%
Tennessee Titans Nick Folk
44%
Tampa Bay Buccaneers Chase McLaughlin
40%
New York Giants Graham Gano
40%
Seattle Seahawks Jason Myers
39%
New York Jets Greg Zuerlein
38%
Jacksonville Jaguars Cam Little
37%
Cleveland Browns Dustin Hopkins
37%
Minnesota Vikings Will Reichard
37%
New England Patriots Joey Slye
33%
Washington Commanders Austin Seibert
30%
New Orleans Saints Blake Grupe
30%
Arizona Cardinals Chad Ryland
29%
Los Angeles Rams Joshua Karty
27%
No matching quizzes found
Score Distribution
Percent of People with Each Score
Percentile by Number Answered
Your Score History
You have not taken this quiz since the last reset